| 000 | 00772nam a22002297 4500 | ||
|---|---|---|---|
| 001 | 10060235 | ||
| 003 | AR-RoIUNI | ||
| 005 | 20190621153949.0 | ||
| 008 | 910730s1902 fr 000 0 fre | ||
| 010 | _altf91080833 | ||
| 040 |
_aDLC _cIUNIR _dDLC |
||
| 080 | _a576 BES | ||
| 100 | 1 |
_aBesson, Albert, _d1868- [from old catalog] |
|
| 245 | 0 | 0 | _aTechnique microbiologique et sérothérapique (microbes pathogèneś de l'homme et des animaux) guide du médicin et du vétérinaire pour les travaux du laboratoire. |
| 250 | _a2. éd., rev., corr. et augm. | ||
| 260 |
_aParis, _bLibrairie J.-B. Baillière, _c1902. |
||
| 300 | _a686 p. | ||
| 650 | 1 | 0 |
_9143 _aMicrobiología |
| 906 |
_a0 _bcbc _cpremunv _du _encip _f19 _gy-gencatlg |
||
| 942 |
_2cdu _cBK |
||
| 999 |
_c4797 _d4797 |
||